000 00291nam a22001097a 4500
008 260504b |||||||| |||| 00| 0 eng d
082 _a001666
245 _aGrammar and Lind\guistics
260 _aNew Delhi
_bLal Bahadur Shastri Rashtriya Sanskrit Vidyapeetha,
300 _a610p
942 _2ddc
999 _c1411
_d1411